Tribute Lyrics - Statistics

General Stats
  • This quiz has been taken 27 times
  • The average score is 243 of 315
Answer Stats
Answer % Correct
a
100%
I
100%
is
100%
This
100%
this
100%
Tribute
100%
tribute
100%
and
96%
And
96%
the
96%
The
96%
be
91%
Be
91%
beast
91%
so
91%
song
91%
to
91%
To
91%
was
91%
We
91%
we
91%
best
87%
greatest
87%
he
87%
He
87%
in
87%
In
87%
It
87%
Just
87%
just
87%
me
87%
world
87%
my
83%
no
83%
Play
83%
road
83%
that
83%
you
83%
You
83%
at
78%
came
78%
demon
78%
done
78%
first
78%
happened
78%
Kyle
78%
lonesome
78%
of
78%
on
78%
our
78%
played
78%
said!
78%
said
78%
thing
78%
time
78%
When
78%
ago
74%
each
74%
heads
74%
I'll
74%
Long
74%
long
74%
Look
74%
looked
74%
men
74%
not
74%
or
74%
other
74%
soul
74%
There
74%
there
74%
your
74%
are
70%
brother
70%
but
70%
down
70%
eat
70%
his
70%
into
70%
it's
70%
Okay
70%
remember
70%
see
70%
shiny
70%
angels
65%
Couldn't
65%
easy
65%
eyes
65%
middle
65%
moon
65%
One
65%
one
65%
shine
65%
stunned
65%
sun
65%
tail
65%
two
65%
All
61%
all
61%
crack
61%
doth
61%
every
61%
glow
61%
gotta
61%
Gotta
61%
grow
61%
here
61%
nay
61%
night
61%
Rock
61%
sang
61%
shined
61%
sudden
61%
three
61%
us
61%
were
61%
whip
61%
asked
57%
believe
57%
destiny
57%
hitchhiking
57%
like
57%
matter
57%
opinion
57%
thousand
57%
years
57%
anything
52%
didn't
52%
fateful
52%
grass
52%
hundred
52%
makes
52%
Needless
52%
Once
52%
say
52%
sound
52%
wish
52%
Alright
48%
friends
48%
God
48%
Good
48%
Well
48%
actually
43%
fuck
43%
went
43%
peculiar
39%
Love
35%
yeah
30%
can't
26%
right
26%
stop
26%
fire
22%
Him
22%
motherfuckin'
22%
surprised
22%
what
22%
find
17%
I'm
17%
ohh,
17%
fiery
13%
now
13%
ring
13%
Rittsss
9%
motherfucking
4%
whoopy
4%
No matching quizzes found
Score Distribution
Percent of People with Each Score
Percentile by Number Answered
Your Score History
You have not taken this quiz